000 00344nam a2200145Ia 4500
008 150201s2009 xx 000 0 und d
082 _a617.525
_bO2009N
100 _aNEVILLE
245 _aORAL & MAXILLOFACIAL PATHOLOGY
250 _a3RD
260 _bELSEVIER
_aDELHI
_c2009
300 _a1-968
650 _aORAL PATHOLOGY
942 _2ddc
_cBK
999 _c4360
_d4360